Riconosci il Pokémon - Quiz n°683 - Statistics

Statistiche generali
  • Questo quiz è stato fatto 1 volte
  • Il punteggio medio è 10 su 10
Statistiche sulle risposte
Indizio Riposta % Corretto
Altezza 0,6 m
100%
Tasso di cattura 150 (29.5%)
100%
Sesso 25% ♂, 75% ♀
100%
Peso 7,5 kg
100%
Pokémon Clefairy
100%
Tipo Folletto
100%
Abilità Incantevole; Magicscudo; Amicoscudo
100%
Generazione Prima
100%
Stadio evoluzione Prima evoluzione
100%
Tasso di allevamento Veloce
100%
Nessun quiz corrispondente trovato
Distribuzione punteggi
Percentuale di utenti per punteggio
Percentile per numero di risposta
I tuoi punteggi nel tempo
Non hai fatto questo quiz